Sports Quiz

Random Sports or Hockey Quiz

NHL 50 Goals 50 Assists Club Quiz Stats

 Plays Quiz Updated Jul 10, 2013

Challenge
Share
Tweet
Embed
Score 0/102 Timer 15:00
6 Plays Today
Season Player % Correct
1979-80Wayne Gretzky
97.6%
1980-81Wayne Gretzky
97.6%
1981-82Wayne Gretzky
97.6%
1982-83Wayne Gretzky
97.6%
1983-84Wayne Gretzky
97.6%
1984-85Wayne Gretzky
97.6%
1985-86Wayne Gretzky
97.6%
1986-87Wayne Gretzky
97.6%
1988-89Wayne Gretzky
97.6%
2009-10Sidney Crosby
90.7%
1986-87Mario Lemieux
87.4%
1987-88Mario Lemieux
87.4%
1988-89Mario Lemieux
87.4%
1992-93Mario Lemieux
87.4%
1995-96Mario Lemieux
87.4%
1996-97Mario Lemieux
87.4%
2005-06Alexander Ovechkin
86.6%
2008-09Alexander Ovechkin
86.6%
2009-10Alexander Ovechkin
86.6%
2000-01Jaromir Jagr
82.1%
1995-96Jaromir Jagr
82.1%
2005-06Jaromir Jagr
82.1%
1987-88Steve Yzerman
72.6%
1988-89Steve Yzerman
72.6%
1989-90Steve Yzerman
72.6%
1990-91Steve Yzerman
72.6%
1992-93Steve Yzerman
72.6%
2011-12Evgeni Malkin
66.7%
1995-96Joe Sakic
66.3%
2000-01Joe Sakic
66.3%
1970-71Phil Esposito
66%
1971-72Phil Esposito
66%
1972-73Phil Esposito
66%
1973-74Phil Esposito
66%
Season Player % Correct
1974-75Phil Esposito
66%
1992-93Teemu Selanne
65.6%
1996-97Teemu Selanne
65.6%
1978-79Mike Bossy
64.5%
1980-81Mike Bossy
64.5%
1981-82Mike Bossy
64.5%
1982-83Mike Bossy
64.5%
1983-84Mike Bossy
64.5%
1984-85Mike Bossy
64.5%
1985-86Mike Bossy
64.5%
1983-84Jari Kurri
63.7%
1984-85Jari Kurri
63.7%
1985-86Jari Kurri
63.7%
1986-87Jari Kurri
63.7%
1974-75Guy Lafleur
59.1%
1975-76Guy Lafleur
59.1%
1976-77Guy Lafleur
59.1%
1977-78Guy Lafleur
59.1%
1978-79Guy Lafleur
59.1%
1979-80Guy Lafleur
59.1%
1992-93Pavel Bure
57.8%
1976-77Marcel Dionne
52%
1978-79Marcel Dionne
52%
1979-80Marcel Dionne
52%
1980-81Marcel Dionne
52%
1981-82Marcel Dionne
52%
1982-83Marcel Dionne
52%
1981-82Bryan Trottier
51.6%
1980-81Jacques Richard
48%
1987-88Luc Robitaille
47.6%
1992-93Luc Robitaille
47.6%
1992-93Alexander Mogilny
47%
1995-96Alexander Mogilny
47%
1993-94Sergei Fedorov
46.8%
Season Player % Correct
1989-90Pat LaFontaine
45.7%
1992-93Pat LaFontaine
45.7%
2006-07Vincent Lecavalier
43.6%
1995-96Paul Kariya
43.3%
2005-06Dany Heatley
42.7%
2006-07Dany Heatley
42.7%
1993-94 Brendan Shanahan
42.1%
1991-92Jeremy Roenick
41.1%
1992-93Jeremy Roenick
41.1%
1992-93Mark Recchi
38%
1991-92Kevin Stevens
37.8%
1992-93Kevin Stevens
37.8%
1984-85Dale Hawerchuk
37%
1988-89Bernie Nicholls
34.4%
1990-91Theoren Fleury
33.5%
1984-85Mike Gartner
33.2%
1992-93Pierre Turgeon
32.7%
1970-71Johnny Bucyk
30.4%
1981-82Dino Ciccarelli
27.3%
1986-87Dino Ciccarelli
27.3%
1983-84Michel Goulet
26%
1985-86Michel Goulet
26%
1975-76Bill Barber
21.6%
1988-89Joe Mullen
21.3%
1981-82Dennis Maruk
19.8%
1987-88Jimmy Carson
16.9%
1973-74Ken Hodge
15.1%
1987-88Hakan Loob
13.7%
1972-73Rick MacLeish
12.7%
1975-76Pierre Larouche
12.4%
1971-72Vic Hadfield
11.6%
1984-85John Ogrodnick
10.6%
1975-76Jean Pronovost
9.6%
1978-79Guy Chouinard
6.7%

You're not logged in!

Compare scores with friends on all Sporcle quizzes.
OR
Log In

You Might Also Like...

Show Comments

Extras

Top Quizzes Today


Score Distribution

Your Account Isn't Verified!

In order to create a playlist on Sporcle, you need to verify the email address you used during registration. Go to your Sporcle Settings to finish the process.

Report this User

Report this user for behavior that violates our Community Guidelines.

Details: